LEADER 01250nam a2200301 u 4500 001 000000041962 003 CaOOAMICUS 005 20070226114255.0 008 990217s1980 gw fh u000 u ger u 020 $a3882120169 035 $a10814435 040 $aPUL$bita 100 1 $aSiems, Harald.$0(OLS)http://pul/name/14971 245 10$aStudien zur Lex Frisionum /$cHarald Siems. 260 $aEbelsbach :$bR. Gremer,$c1980. 300 $axvi, 431 p., [12] p. di tav. :$bfacs. ;$c24 cm 490 1 $aAbhandlungen zur rechtswissenschaftlichen Grundlagenforschung ;$v42 500 $aContiene indici. 504 $a"Quellenverzeichnis": pp. 372-413. 630 04$aLex Frisionum.$0(OLS)http://pul/subject/13758 830 0$aAbhandlungen zur rechtswissenschaftlichen Grundlagenforschung ;$v42.$0(OLS)http://pul/title/53301 850 $aPUL 852 $aPUL$W1$xSL Diritto e Scienze Sociali 1$y4$m182 D 58$j56776$nBK-PRI$b $qStampati$B56776$CPULBib$Z2$F56776 $H $81 941 1 $a8 961 $aINV: 49109 996 $6020$a3882120169$9(OLS)http://pul/number/52341 996 $6245$aStudien zur Lex Frisionum$9(OLS)http://pul/title/56623 996 $6260$aEbelsbach :$bR. Gremer$9(OLS)http://pul/publisher/63992 LEADER 02489nam a2200361 a 4500 001 000000122318 003 CaOOAMICUS 005 20100622155125.0 008 100622s1584 it 001 udlat r 026 $a.A.B um.l$btqta actl (3)$c1584 (R) 040 $aPUL(R)$bita$dSara 130 0 $aCorpus iuris civilis$pInstitutiones$f1584.$0(OLS)http://pul/title/154007 245 10$aInstitutionum sive Primorum totius iurisprudentiae elementorum, libri quatuor DN. Iustiniani ... commentariis Accursii, et multorum insuper aliorum doctorum hominum scholiis, et novissime Cuiacii observationibus illustrati ... Accessit ad voluminis calcem, ipsius Iustiniani imperatoris vita, ex variis authoribus opera Aegidii Perrini ...diligenter collecta. 246 30$aPrimorum totius iurisprudentiae elementorum libri quatuor 260 $aVenetiis :$bsub signo Aquilae renovantis,$c1584. 300 $a[16] c., 576 col. ;$cfol. (42 cm). 500 $aFront. e testo in rosso e nero. 500 $aSegnatura: a8 e8 A-S8. 500 $aMarca tipografica sul front.: Aquila che becca una roccia. In cornice figurata. Motto: "Renovabitur vt aquila iuventus tua" (T54 - V322). 500 $aIniziali xil. 500 $aInclude indici. 662 $aItalia$dVenezia.$0(OLS)http://pul/subject/34951 700 0 $aAccursius,$cFranciscus,$dc. 1182-1263.$0(OLS)http://pul/name/5261 700 1 $aCujas, Jacques,$d1522-1590.$0(OLS)http://pul/name/104 700 1 $aPerrin, Gilles.$0(OLS)http://pul/name/76732 710 2 $aSocietà dell'Aquila che si rinnova$4pbl.$0(OLS)http://pul/name/76699 850 $aPUL 852 $aPUL$W1$xDP1 Antico 500$y12$m185 F 5 int.2$j140437$qStampati antico$B139574$CPULBib$Z2$F139574 $82 941 1 $a15 961 $aTitolo mss sul taglio di piede: "Volumen parvum".Precedente collocazione sulla controguardia anteriore: C-X-2.Rilegato con 185 F 5 int.1. 996 $6246$aPrimorum totius iurisprudentiae elementorum libri quatuor$9(OLS)http://pul/title/154009 996 $6245$aInstitutionum sive Primorum totius iurisprudentiae elementorum, libri quatuor DN. Iustiniani ... commentariis Accursii, et multorum insuper aliorum doctorum hominum scholiis, et novissime Cuiacii observationibus illustrati ... Accessit ad voluminis calcem, ipsius Iustiniani imperatoris vita, ex variis authoribus opera Aegidii Perrini ...diligenter collecta$9(OLS)http://pul/title/154008 996 $6260$aVenetiis :$bsub signo Aquilae renovantis$9(OLS)http://pul/publisher/54537